| 000 | 00465nam a22001817a 4500 | ||
|---|---|---|---|
| 003 | CEME | ||
| 005 | 20210628203353.0 | ||
| 008 | 210305b xxu||||| |||| 00| 0 eng d | ||
| 020 | _a0-14-0620-44-3 | ||
| 040 | _c. | ||
| 082 | _a808.83 DIC | ||
| 100 |
_aDickens, Charles _9386 |
||
| 245 | _aHard times | ||
| 260 |
_aNEW YORK _bPENGUIN BOOK _c1994 |
||
| 300 | _aVI,268P | ||
| 650 |
_aENGLISH LITERATURE-FICTION.PENGUINE POPULAR CLASSIC _964803 |
||
| 942 |
_cBK _2ddc |
||
| 999 |
_c573357 _d573357 |
||